000 00940nam a2200241 a 4500
001 61551
003 BD-RjUL
005 20211209080957.0
008 170119s1958 ii a|||| b||| 001 0 ben d
020 _c: Tk. 3.00
035 _a(BD-RjUL)61675
040 _aBD-RjUL
_bben
_cBD-RjUL
041 _aben
082 _223
_a294.3
_bDAB 1958
100 _aদাশগুপ্ত, নলিনীভূষণ
_9171779
245 1 0 _aবৈদিক ও বৌদ্ধ শিক্ষা /
_cনলিনীভূষণ দাশগুপ্ত
260 _aকলিকাতা :
_bবেঙ্গল পাবলিশার্স,
_c১৯৫৮
300 _a[১০], ১১২ পৃ. :
_bচিত্র ;
_c১৯ সেমি.
504 _aগ্রন্থপঞ্জি ও নির্দেশনা সংযুক্ত
650 _aবৌদ্ধধর্ম
_9173188
650 _aBuddhism
_9171336
942 _2ddc
_cBK
999 _c61551
_d61551